000 00248nam a2200109Ia 4500
008 200302s9999 xx 000 0 und d
100 _aM H Sayed
245 _aClimate change
260 _bShubhi Publication
260 _c2009
300 _a 358 P.,
999 _c3984
_d3984